000 00548nam a2200205Ia 4500
005 20230609130919.0
008 131103s9999 xx 000 0 und d
040 _aLoreto College
041 _aEnglish
082 _a938
_bEHR
100 _aEhrenberg,Victor
245 4 _aThe Greek state
_cVictor Ehrenberg
260 _aOxford
_bBasil Blackwell
_c1960
300 _avii,280 p.
504 _aIncludes bibliographical references and index
650 _aAncient History
651 _aGreek - Ancient History
850 _aLCLIB
942 _cBK
999 _c8612
_d59091